Focus sur: Baranor - Tolkien - Statistiques

Statistiques générales
  • Ce quiz a été pris 5 fois
  • Le résultat moyen est 5 sur 9
Statistiques - réponses
Informations recherchées Réponses % Correct
Age durant lequel il vécut Premier
100%
Espèce Homme
80%
Couleur des cheveux Noir
80%
Père Bëor "le Jeune"
60%
Première mention Le Silmarillion
60%
Maison (lignée) Peuple de {Bëor}
60%
Contrée Estolad
40%
Fils Bereg
20%
Frère Boron
0%
Aucun quiz correspondant
Distribution des résultats
% des personnes avec chaque résultat
Percentile par nombre de réponses
Votre historique - résultats
Vous n’avez pas pris ce quiz